Digital Modulation and Coding (Record no. 5061)

MARC details
000 -LEADER
fixed length control field 00352nam a2200145Ia 4500
008 - FIXED-LENGTH DATA ELEMENTS--GENERAL INFORMATION
fixed length control field 191201s2012 xx 000 0 und d
082 ## - DEWEY DECIMAL CLASSIFICATION NUMBER
Classification number 621.395
Item number WID
100 ## - MAIN ENTRY--PERSONAL NAME
Personal name WILSON, Stephen G
245 #0 - TITLE STATEMENT
Title Digital Modulation and Coding
250 ## - EDITION STATEMENT
Edition statement 7th IMP
260 ## - PUBLICATION, DISTRIBUTION, ETC. (IMPRINT)
Place of publication, distribution, etc N. Delhi
Name of publisher, distributor, etc Pearson
Date of publication, distribution, etc 2012
300 ## - PHYSICAL DESCRIPTION
Extent 677
650 ## - SUBJECT ADDED ENTRY--TOPICAL TERM
Topical term or geographic name as entry element M.Tech (ECE)
942 ## - ADDED ENTRY ELEMENTS (KOHA)
Source of classification or shelving scheme Dewey Decimal Classification
Koha item type Text Books
Holdings
Withdrawn status Lost status Source of classification or shelving scheme Damaged status Not for loan Collection code Home library Current library Date acquired Source of acquisition Cost, normal purchase price Bill Number Total Checkouts Full call number Acc. no. / Barcode Date last seen Bill Date Koha item type
    Dewey Decimal Classification     B.Tech(ECE) PIET C-LIBRARY PIET C-LIBRARY 11/11/2011 Valley Book House 550.00 227   621.395 WID 18484 04/12/2019 03/11/2011 Text Books
    Dewey Decimal Classification     B.Tech(ECE) PIET C-LIBRARY PIET C-LIBRARY 11/11/2011 Valley Book House 550.00 227   621.395 WID 18485 04/12/2019 03/11/2011 Text Books
    Dewey Decimal Classification     B.Tech(ECE) PIET C-LIBRARY PIET C-LIBRARY 11/11/2011 Valley Book House 550.00 227   621.395 WID 18486 04/12/2019 03/11/2011 Text Books
    Dewey Decimal Classification     B.Tech(ECE) PIET C-LIBRARY PIET C-LIBRARY 11/11/2011 Valley Book House 550.00 227   621.395 WID 18487 04/12/2019 03/11/2011 Text Books
    Dewey Decimal Classification     B.Tech(ECE) PIET C-LIBRARY PIET C-LIBRARY 11/11/2011 Valley Book House 550.00 227   621.395 WID 18488 04/12/2019 03/11/2011 Text Books

Design & Developed by: PIET Central Library
R70 Miles Stone Pattikalyana Samalkha Panipat 132102
mail ID :- [email protected], Phone No:- 0180-2569700 Ex.216